000 00612nam a2200217Ia 4500
008 131103s9999 xx 000 0 und d
020 _aSBN 196475341
040 _aLoreto College
041 _aEnglish
082 _a891.62/YEA
_bLCLIB/25054
100 _aYeats,W.B.
245 _aDavis,Mangan,Ferguson
_b tradition & the Irish Writers
_cW.B.Yeats and Thomas Kinsella
260 _aDublin
_bThe Dolmen Press
_c1970
300 _a72 p.
_c 20 cm.
440 _aThe Tower Series
504 _aIncludes index
650 _aIrish Literature
700 _aKinsella,Thomas
850 _aLCLIB
942 _cBK
999 _c13553
_d64032